Normal view
MARC view
- Kalaw-Tirol, Lorna.
Entry Personal Name
001 - CONTROL NUMBER
- control field: 56907
003 - CONTROL NUMBER IDENTIFIER
- control field: OSt
005 - DATE AND TIME OF LATEST TRANSACTION
- control field: 20240507094724.0
008 - FIXED-LENGTH DATA ELEMENTS
- fixed length control field: 240507|| aca||aabn | a|a d
040 ## - CATALOGING SOURCE
- Original cataloging agency: OSt
- Transcribing agency: OSt
100 ## - HEADING--PERSONAL NAME
- Personal name: Kalaw-Tirol, Lorna.
- Relator term: author.
670 ## - SOURCE DATA FOUND
- Source citation: Work cat.: (OSt): Javate-De Dios, Aurora. 56905, Dictatorship and revolution :, ©1988.
